| 000 | 00835cam a22002893a 4500 | ||
|---|---|---|---|
| 001 | 4058 | ||
| 003 | PGUSA | ||
| 005 | 20140828083048.0 | ||
| 008 | 030501s2003||||xxu|||||s|||||000 1 eng d | ||
| 040 |
_aPGUSA _beng |
||
| 042 | _adc | ||
| 050 | 4 | _aPR | |
| 100 | 1 |
_aPater, Walter, _d1839-1894 |
|
| 245 | 1 | 0 |
_aMarius the Epicurean — Volume 2 _h[electronic resource] / _cWalter Pater |
| 260 |
_bProject Gutenberg, _c2003 |
||
| 506 | _aPublic domain in the USA. | ||
| 516 | _aElectronic text | ||
| 653 | _aRome -- Fiction | ||
| 653 | _aBildungsromans | ||
| 653 | _aChristian fiction | ||
| 653 | _aYoung men -- Fiction | ||
| 653 | _aChristianity and other religions -- Roman -- Fiction | ||
| 653 | _aHistorical fiction | ||
| 830 | 0 |
_aProject Gutenberg _v4058 |
|
| 856 | 4 | 0 | _uhttp://www.gutenberg.org/ebooks/4058 |
| 942 | _cEB | ||
| 999 |
_c233387 _d233387 |
||